Where's Stripey? /

Bibliographic Details
Main Author: Binks, Wendy
Format: Book
Language:English
Published: South Fremantle, Western Australia : Emu Press, [2005]
Subjects:

MARC

Tag First Indicator Second Indicator Subfields
LEADER 00000cam a2200000 a 4500
001 in00002242113
005 20151105060625.0
008 070521s2005 at 000 1 eng d
020 |a 0646450018 
020 |a 9780646450018 
035 |a (OCoLC)ocn132687868 
040 |a UCW  |c UCW  |d TXA  |d UtOrBLW 
049 |a TXAM 
090 |a PZ7.B55  |b Wh 2007 
100 1 |a Binks, Wendy. 
245 1 0 |a Where's Stripey? /  |c Wendy Binks. 
264 1 |a South Fremantle, Western Australia :  |b Emu Press,  |c [2005] 
264 4 |c ©2005 
300 |a 1 volume (unpaged) :  |b illustrations (chiefly color) ;  |c 30 cm. 
336 |a text  |b txt  |2 rdacontent 
337 |a unmediated  |b n  |2 rdamedia 
338 |a volume  |b nc  |2 rdacarrier 
500 |a "Winner Western Australian Premier's Book Awards of the children's and young adult section of the Wild and Woolley best independently published Australian books"--Cover. 
650 0 |a Emus  |v Juvenile fiction. 
948 |a cataloged  |b h  |c 2007/7/3  |d c  |e dmitchel  |f 2:20:20 pm 
994 |a C0  |b TXA 
999 |a MARS 
999 f f |s 02512d7f-96a2-3dae-9412-64fb703a4f0b  |i 5d606da9-2a1b-3ddb-8b6a-e22244da0a44  |t 0 
952 f f |p normal  |a Texas A&M University  |b College Station  |c Sterling C. Evans Library  |d Evans: Curriculum Collection (4th floor)  |t 0  |e PZ7.B55 Wh 2007  |h Library of Congress classification  |i unmediated -- volume  |m A14835616312 
998 f f |a PZ7.B55 Wh 2007  |t 0  |l Evans: Curriculum Collection (4th floor)